Fr. Conceicao Rodrigues College of Engineering

Microprocessors & Interfacing Programming & Hardware (Record no. 32087)

MARC details
000 -LEADER
fixed length control field 00342nam a2200145Ia 4500
082 ## - DEWEY DECIMAL CLASSIFICATION NUMBER
Classification number 621.3
Item number Hal
100 ## - MAIN ENTRY--PERSONAL NAME
Personal name Hall/D V
245 ## - TITLE STATEMENT
Title Microprocessors & Interfacing Programming & Hardware
260 ## - PUBLICATION, DISTRIBUTION, ETC.
Name of publisher, distributor, etc. McGraw Hill
Place of publication, distribution, etc. New York
Date of publication, distribution, etc. 1987
300 ## - PHYSICAL DESCRIPTION
Extent 554
546 ## - LANGUAGE NOTE
Language note ENGLISH
654 ## - SUBJECT ADDED ENTRY--FACETED TOPICAL TERMS
Focus term InterFacing Programming
942 ## - ADDED ENTRY ELEMENTS (KOHA)
Koha item type BOOK
Holdings
Withdrawn status Lost status Damaged status Not for loan Collection Home library Current library Shelving location Date acquired Total Checkouts Full call number Barcode Date last seen Date last checked out Price effective from Koha item type
        AFT Fr. Agnel's C.Rodrigues College of Engineering AGNEL TECHNICAL COLLEGE LIBRARY   17/03/2023 1 621.3 Hal AFT5579 04/03/2025 27/02/2025 17/03/2023 BOOK